00379nam a2200121Ia 4500008004100000245003300041245001700074260000900091650001400100856005100114999001900165952007300184171211s9999 xx 000 0 und d aJohn Clare: Voice of Freedom cR. S. Attack c2010 xBiography uhttp://down.ebook777.com/065/9780856832703.pdf c349883d349883 001040aCLbCLd2017-12-11l0r2017-12-11 00:00:00w2017-12-11yCBE